Fluid Mechanics (Record no. 188)
[ view plain ]
| 000 -LEADER | |
|---|---|
| Fixed length control field | 00582nam a2200205 4500 |
| 003 - CONTROL NUMBER IDENTIFIER | |
| Control field | SEACOMEC |
| 005 - DATE AND TIME OF LATEST TRANSACTION | |
| Control field | 20240417123139.0 |
| 008 - FIXED-LENGTH DATA ELEMENTS--GENERAL INFORMATION | |
| Fixed length control field | 231007b |||||||| |||| 00| 0 eng d |
| 020 ## - INTERNATIONAL STANDARD BOOK NUMBER / ISBN | |
| Price | Rs. 475.00 |
| 040 ## - CATALOGING SOURCE | |
| Original cataloging agency | SEACOMEC |
| 082 ## - DEWEY DECIMAL CLASSIFICATION NUMBER | |
| Book Number | D734 |
| Classification number | 620.106 |
| 100 1# - MAIN ENTRY--PERSONAL NAME | |
| Personal name | Douglas, John F. |
| 245 1# - TITLE STATEMENT | |
| Title | Fluid Mechanics |
| Sub title | 4th ed. |
| Statement of responsibility | John F. Douglas, Janusz M. Gasiorek and John A. Swaffield |
| 260 ## - IMPRINT | |
| Place of publication | Delhi |
| Name of publisher | Pearson |
| Date of publication | 2005 |
| 650 ## - SUBJECT ADDED ENTRY--TOPICAL TERM | |
| Topical term | Engineering |
| 650 ## - SUBJECT ADDED ENTRY--TOPICAL TERM | |
| Topical term | Engineering mechanics and materials |
| 700 1# - ADDED ENTRY--PERSONAL NAME | |
| Personal name | Gasiorek , Janusz M. |
| 700 1# - ADDED ENTRY--PERSONAL NAME | |
| Personal name | Swaffield, John A. |
| 942 ## - ADDED ENTRY ELEMENTS (KOHA) | |
| Koha item type | Books |
| Withdrawn status | Lost status | Source of classification | Damaged status | Not for loan | Home library | Current library | Date acquired | Total Checkouts | Call number | Accession number | Date last seen | Price effective from | Koha item type |
|---|---|---|---|---|---|---|---|---|---|---|---|---|---|
| Dewey Decimal Classification | SEACOM ENGINEERING COLLEGE | SEACOM ENGINEERING COLLEGE | 04/08/2006 | D734 620.106 | 5156 | 17/04/2024 | 17/04/2024 | Books |
